The sign of four : intermediate level
Saved in:
| Main Author: | |
|---|---|
| Format: | Book |
| Language: | English |
| Published: |
Oxford :
Heinemann,
1992
|
| Subjects: | |
| Tags: |
Add Tag
No Tags, Be the first to tag this record!
|
MARC
| LEADER | 00000nam a2200000 i 4500 | ||
|---|---|---|---|
| 001 | 1/22929 | ||
| 008 | 950309s1992 eng d | ||
| 020 | |a 0-435-27241-1 | ||
| 035 | |l 10021989 | ||
| 040 | |a GR-MY-UA |b gre |e aacr | ||
| 041 | 0 | |a eng | |
| 082 | 0 | |a 428.64 | |
| 100 | 1 | |a Doyle, Arthur Conan, |d 1859-1930. | |
| 245 | 1 | 4 | |a The sign of four : |b intermediate level / |c Sir Arthur Conan Doyle |
| 260 | |a Oxford : |b Heinemann, |c 1992 | ||
| 650 | 0 | 0 | |a English language |x Readers. |
| 852 | |a INST |b CHIOS |e 19950309 |h 428.64 CON |p 005200003892 |q 005200003892 |t BK |y 0 | ||
| 909 | |a Χ |b 037435 | ||